| 000 | 00933namaa22002051 4500 | ||
|---|---|---|---|
| 001 | 173859 | ||
| 003 | ES-MaACL | ||
| 005 | 20230906215353.0 | ||
| 007 | t| | ||
| 008 | 100127q18601869sp |r |||| | spa| | ||
| 040 |
_aSpMaBN _bspa _cSpMaBN _erdc |
||
| 100 | 0 |
_aCamprodón, Francisco. _934301 |
|
| 245 | 1 | 1 |
_a¡Flor de un día! _b: drama original en un prólogo y tres actos / _cpor Don Francisco Camprodón. |
| 250 | _a11ª ed. | ||
| 260 |
_aMadrid) : _b[s.n, _c186?] ( _fImp. de José Rodríguez) |
||
| 300 |
_a70 p. ; _c19 cm. |
||
| 500 | _aEn la portada: "Representado por primera vez en el Teatro Español, en febrero de 1851" | ||
| 500 | _aDed.: "Al Sr. D. José Safont, como prenda de cariño de su afectísimo sobrino, S. Camprodón" | ||
| 852 |
_aES-MaACL _jF-8622(11) _z.- Enc. pasta española _q.- Falto de la cub. original _zEnc. en un vol. facticio formando parte de la col. facticia "Teatro español moderno", vol. 77 |
||
| 999 |
_c173859 _d173859 |
||